La disolución de la sociedad conyugal (Record no. 172453)

MARC details
000 -LEADER
campo de control de longitud fija 00895nam a2200217 i 4500
001 - NÚMERO DE CONTROL
campo de control 172453
003 - IDENTIFICADOR DE NÚMERO DE CONTROL
campo de control ES-MaACL
005 - FECHA Y HORA DE LA ÚLTIMA TRANSACCIÓN
campo de control 20230906214923.0
008 - DATOS DE LONGITUD FIJA--INFORMACIÓN GENERAL
campo de control de longitud fija 090707s1985 sp |||| | spa d
017 ## - NÚMERO DE COPYRIGHT O DE DEPÓSITO LEGAL
Número de copyright o de depósito legal M 18810-1985
020 ## - NÚMERO INTERNACIONAL ESTÁNDAR DEL LIBRO
Número Internacional Estándar del Libro 84-290-1295-8
080 ## - NÚMERO DE LA CLASIFICACIÓN DECIMAL UNIVERSAL
Número de la Clasificación Decimal Universal 347.627.3(460)
245 03 - MENCIÓN DEL TÍTULO
Título La disolución de la sociedad conyugal
Resto del título : (estudio específico de las atribuciones preferentes de los artículos 1406 y 1407 del Código Civil) /
Mención de responsabilidad, etc. por Víctor Manuel Garrido de Palma... [et al.].
260 ## - PUBLICACIÓN, DISTRIBUCIÓN, ETC.
Lugar de publicación, distribución, etc. Madrid :
Nombre del editor, distribuidor, etc. Instituto Editorial Reus,
Fecha de publicación, distribución, etc. [1985]
300 ## - DESCRIPCIÓN FÍSICA
Extensión XIV, 204 p. ;
Dimensiones 24 cm.
504 ## - NOTA DE BIBLIOGRAFÍA, ETC.
Nota de bibliografía, etc. Incluye referencias bibliográficas.
586 ## - NOTA DE PREMIOS
Nota de premios "Premio de Investigación del Ilustre Colegio Notarial de Oviedo 1984-1985" - cub.
650 04 - PUNTO DE ACCESO ADICIONAL DE MATERIA--TÉRMINO DE MATERIA
Término de materia o nombre geográfico como elemento de entrada Separación conyugal-
Subdivisión geográfica España.
9 (RLIN) 140988
700 1# - ENTRADA AGREGADA--NOMBRE PERSONAL
Nombre de persona Garrido de Palma, Víctor Manuel.
9 (RLIN) 140987
852 ## - LOCALIZACIÓN
Ubicación ES-MaACL
Número de control de estantería E-12767
itemnumber R.143569
Holdings
Estatus retirado Estado de pérdida Estado de daño No para préstamo Biblioteca de origen Biblioteca actual Ubicación en estantería Fecha de adquisición Fuente de adquisición Total de préstamos Signatura topográfica completa Código de barras Visto por última vez Precio de reemplazo Tipo de ítem Koha
        Biblioteca del Ateneo de Madrid Biblioteca del Ateneo de Madrid Depósito 2 07/07/2009     E-12767 1180979 23/02/2023 23/02/2023 Libro impreso